Choice in Euroean monetary union : Ninth wincott memorial lecture
Gorde:
| Egile nagusia: | |
|---|---|
| Formatua: | Liburua |
| Hizkuntza: | Undetermined |
| Argitaratua: |
London
The Institute of Economic Affairs
1979
|
| Gaiak: | |
| Etiketak: |
Etiketa erantsi
Etiketarik gabe, Izan zaitez lehena erregistro honi etiketa jartzen!
|
| Thư viện lưu trữ: | Trung tâm Học liệu Trường Đại học Cần Thơ |
|---|
| LEADER | 00542nam a2200193Ia 4500 | ||
|---|---|---|---|
| 001 | CTU_82326 | ||
| 008 | 210402s9999 xx 000 0 und d | ||
| 082 | |a 332.4 | ||
| 082 | |b V354 | ||
| 100 | |a Vaubel, Roland | ||
| 245 | 0 | |a Choice in Euroean monetary union : | |
| 245 | 0 | |b Ninth wincott memorial lecture | |
| 245 | 0 | |c Roland Vaubel | |
| 260 | |a London | ||
| 260 | |b The Institute of Economic Affairs | ||
| 260 | |c 1979 | ||
| 650 | |a Monetary unions | ||
| 904 | |i Trọng Hải | ||
| 980 | |a Trung tâm Học liệu Trường Đại học Cần Thơ | ||